A tri-lingual glossary of literary terms (English-Hindi-Panjabi) (Record no. 65643)

MARC details
000 -LEADER
fixed length control field 00713cam a22002411 4500
001 - CONTROL NUMBER
control field sa 65008213
003 - CONTROL NUMBER IDENTIFIER
control field DLC
005 - DATE AND TIME OF LATEST TRANSACTION
control field 20260227112154.0
008 - FIXED-LENGTH DATA ELEMENTS--GENERAL INFORMATION
fixed length control field 870915s1963 ii d 000 0 eng
010 ## - LIBRARY OF CONGRESS CONTROL NUMBER
LC control number sa 65008213
025 ## - OVERSEAS ACQUISITION NUMBER
Overseas acquisition number PL480:I-E-4150
035 ## - SYSTEM CONTROL NUMBER
System control number (OCoLC)16687051
040 ## - CATALOGING SOURCE
Original cataloging agency DLC
Transcribing agency WaU
Modifying agency WaU
-- DLC
041 0# - LANGUAGE CODE
Language code of text/sound track or separate title enghinpan
042 ## - AUTHENTICATION CODE
Authentication code premarc
050 00 - LIBRARY OF CONGRESS CALL NUMBER
Classification number PK2636
Item number .S53
100 0# - MAIN ENTRY--PERSONAL NAME
Personal name Prema Prakāsha Siṅgha,
Dates associated with a name 1926-
245 12 - TITLE STATEMENT
Title A tri-lingual glossary of literary terms (English-Hindi-Panjabi)
260 ## - PUBLICATION, DISTRIBUTION, ETC.
Place of publication, distribution, etc. Ludhiana,
Name of publisher, distributor, etc. Lahore Book Shop
Date of publication, distribution, etc. [1963]
300 ## - PHYSICAL DESCRIPTION
Extent 156, iv p.
Dimensions 22 cm.
650 #0 - SUBJECT ADDED ENTRY--TOPICAL TERM
Topical term or geographic name entry element English language
General subdivision Dictionaries
-- Hindi.
650 #0 - SUBJECT ADDED ENTRY--TOPICAL TERM
Topical term or geographic name entry element English language
General subdivision Dictionaries
-- Panjabi.

No items available.

Powered by Koha